000 00725nam a2200265Ia 4500
001 Para_5538
003 CHAP
008 220125s1913 xx 000 0 und d
010 _a203997
040 _cCHAP
090 _aPA FOLLETO 2853
100 _aWilliamson, A. W.
_9122116
245 _aCottonwood in the Mississippi valley /
_c by A. W. Williamson
260 _aWashington :
_b Department of Agriculture
300 _a62 p. + 6 láms.
440 _aEUA. Dep. of Agr. Bull.; 24
_9170033
650 _aChopo
_922871
901 _aPA FOLLETO 2853
902 _aA
905 _a0000001913 WAS 0000000000 00
910 _a1913
942 _cPARA
942 _cPARA
_d1
999 _c203997
_d203997